In famiglia la fede fa la differenza (Record n. 217044)
[ formato base ]
| 000 -LEADER | |
|---|---|
| campo di controllo lung. fissa | 01389nam a2200229Ia 4500 |
| 001 - Numero di controllo | |
| campo di controllo | a2119-53375 |
| 003 - Identificatore del numero di controllo | |
| campo di controllo | IT-MiCISF |
| 005 - Data e orario dell'ultima transazione | |
| campo di controllo | 20240718124204.0 |
| 008 - Elementi di lunghezza fissa--Informazione generale | |
| campo di controllo lung. fissa | 161014s9999||||xx |||||||||||||| ||und|| |
| 040 ## - Fonte della catalogazione | |
| Agenzia catalografica originale | IT-MiCISF |
| Agenzia che fa la trascrizione | IT-MiCISF |
| 041 ## - Codice di lingua | |
| Codice di lingua del testo/traccia sonora o titolo separato | it |
| 100 ## - Accesso principale -- nome di persona | |
| Nome di persona | Bonetti Renzo |
| 9 (RLIN) | 56620 |
| 245 #0 - Formulazione del titolo | |
| Titolo | In famiglia la fede fa la differenza |
| 260 ## - Pubblicazione, distribuzione, ecc. (stampa) | |
| Luogo di pubblicazione, distribuzione, ecc. | Cantalupa (To), |
| Nome dell'editore, distributore, ecc. | Effatà, |
| Data di pubblicazione, distribuzione, ecc. | 2016 |
| 300 ## - Descrizione fisica | |
| Estensione | pp. 143 |
| 500 ## - Nota generale | |
| Nota generale | famiglia, fede, spiritualità-familiare, chiesa, fecondità, malattia, morte, lavoro |
| 520 ## - Riassunto, ecc. | |
| Nota di riassunto, ecc. | In queste pagine l'A. ci fa vedere, respirare, sperimentare che la fede fa la differenza nel modo con cui si vive il proprio essere coppia, il proprio essere famiglia, nella vita concreta. Il punto non è solamente essere una buona coppia, ma una coppia che vive il suo collegamento alla sorgente dell'amore, che è l'essere immagine e somiglianza di Dio. La fede fa la differenza sempre: nello sguardo da avere sui propri figli e su qualsiasi figlio, ma anche sulla vita che si sta spegnendo; nell'affrontare le difficoltà di coppia, quelle dovute ai figli e quelle esterne alla famiglia. La fede fa la differenza anche nello scopo ultimo del far famiglia: sarà infatti la bellezza, secondo l'A., che riconvertirà le giovani generazioni alla vita di coppia e di famiglia. |
| 650 ## - Accesso aggiunto di soggetto--termine topico | |
| Termine topico o nome geografico come accesso | famiglia |
| 654 ## - Accesso aggiunto di soggetto--termini topici faccettati | |
| Termine principale | saggio |
| 942 ## - Dati aggiuntivi (Koha) | |
| Tipo copia default (Koha) | LIBRO |
| Fonte della classificazione o dello schema di collocazione (segnatura) | Dewey Decimal Classification |
| 999 ## - Sys Number locale (Koha) | |
| Koha Dewey Subclass [OBSOLETE] | si |
| Ritirato (status) | Perso (status) | Danneggiato (status) | Non per il presito | Biblioteca proprietaria | Biblioteca in cui si trova | Data d'acquisizione | Totale prestiti | Collocazione | Data ultima operazione | Prezzo in vigore dal | Tipo copia default (Koha) | Nota pubblica |
|---|---|---|---|---|---|---|---|---|---|---|---|---|
| Buone Condizioni | Not For Loan | CISF - Milano | CISF - Milano | 14/10/2016 | a2119-53375 | 14/10/2016 | 14/10/2016 | LIBRO | Data import 15.10.2016 / by Epidotti, Vaglietti |